Peribañez y el comendador de Ocaña

Guardat en:
Dades bibliogràfiques
Autor principal: Vega, Lope de (Autor)
Format: Llibre
Idioma:espanyol
Publicat: Buenos Aires Sopena 1944
Edició:2a. ed
Col·lecció:Biblioteca Mundial Sopena
Matèries:
Etiquetes: Afegir etiqueta
Sense etiquetes, Sigues el primer a etiquetar aquest registre!

MARC

LEADER 00000nam a2200000 a 4500
001 UCZ3399
003 CL-VaPUC
008 951020e19441200AG |||||||||||||||||spa|d
082 0 4 |a 862  |b VEG  |2 21 
100 0 |a Vega, Lope de  |e author  |9 319628 
245 1 0 |a Peribañez y el comendador de Ocaña 
246 1 3 |a El remedio en la desdicha 
250 |a 2a. ed 
300 |a 174 p 
942 |c BK 
945 |d 19951020 00:00:00  |a cmena 
260 |a Buenos Aires  |b Sopena  |c 1944 
650 0 |a Teatro español  |9 265077 
650 0 |a Dramas españoles  |9 267081 
650 0 |a Literatura española  |9 306261 
583 |a last modification  |c 19951020 00:00:00  |k Rodrigo Vera 
490 0 |a Biblioteca Mundial Sopena 
999 |c 239879  |d 239877 
952 |0 0  |1 0  |4 0  |6 862_000000000000000_VEG_1944  |7 0  |8 P  |9 251338  |a BIBEDU  |b BIBEDU  |c BIBEDU_PB  |d 2019-11-18  |i 1587501  |o 862 VEG 1944  |p 1587501  |r 2024-01-25  |w 2019-11-18  |y BK  |k FIL